| 000 | 00392nam a22000977a 4500 | ||
|---|---|---|---|
| 005 | 20250901165256.0 | ||
| 008 | 210303b ||||| |||| 00| 0 eng d | ||
| 050 | _aQC174.1 .H64 | ||
| 245 |
_aThe strange story of the quantum _ban account for the general reader of the growth of the ideas underlying our present atomic knowledge _cHOFFMANN, BANESH |
||
| 942 |
_2lcc _hQC174.1 .H64 1959 |
||
| 999 |
_c1408 _d1408 |
||